000 01364nam a2200181Ia 4500
005 20250425142619.0
008 250326s9999 xx 000 0 und d
020 _a9781529043051
_qpbk
082 _a823.914
_bBLU
100 _aBlume, Judy
245 4 _aThe Pain And The Great One: Going Places
250 _a1
260 _bMacmillan
_cLST
300 _a228 pages
520 _aThe Pain and the Great One: Go Places is a fun bind-up of the third and fourth books in the hilarious series. In these heartwarming young-fiction stories, Judy Blume perfectly captures what it's like to grow up with a brother or a sister, with gorgeous illustrations by Kate Pankhurst. Jake ('The Pain') and Abigail ('The Great One') may be brother and sister, but they don't always see eye to eye. Abigail thinks that Jake is a massive pain while Jake thinks that Abigail thinks she is sooo great. In Go Places, Jake and Abigail find time to squabble while visiting family, enjoying a snow day, and even on holiday. But despite these little disagreements, this pair are always there for each other, sharing in the fun! Going Places includes the third and fourth books in the series, Going, Going, Gone! and Friend or Fiend?. The first two books in the series are also available as bind-up, The Pain and the Great One: Wheelies!.
650 _aChildren Books
942 _cENGLISH
999 _c569535
_d569535